It looks like you're offline.
Open Library logo
additional options menu

MARC record from Internet Archive

LEADER: 00753cam 2200241 a 4500
001 95070197
003 DLC
005 19960116071333.9
008 950921s1995 enk b 001 0 eng
010 $a 95070197
020 $a0803977344
020 $a0803977352 (pbk.)
040 $aDLC$cDLC$dDLC
050 00 $aBF121$b.R44 1995
082 00 $a150$220
245 00 $aRethinking psychology /$cedited by Jonathan A. Smith, Rom Harré, and Luk Van Langenhove.
260 $aLondon :$aThousand Oaks, Calif. :$bSage Publications,$c1995.
300 $aviii, 246 p. ;$c24 cm.
504 $aIncludes bibliographical references (p. [222]-239) and index.
650 0 $aPsychology.
700 1 $aSmith, Jonathan A.
700 1 $aHarré, Rom
700 1 $aLangenhove, Luk van